000 01178pam a2200337 a 4500
999 _c21801
_d21801
001 1492330
003 ARRUPE
005 20190725093804.0
008 880405s1988 nyu b 001 0 eng
010 _a 88011854
020 _a0824508866 :
_c$16.95
040 _aDLC
_cDLC
_dDLC
043 _an-us---
050 0 0 _aHM216
_b.H54 1988
082 0 0 _a261.8/3
_219
100 1 _aHollenbach, David,
_d1942-
_942525
245 1 0 _aJustice, peace, and human rights :
_bAmerican Catholic social ethics in a pluralistic world /
_cDavid Hollenbach.
260 _aNew York :
_bCrossroad,
_c1988.
300 _axi, 260 p. ;
_c23 cm.
500 _aCover title: Justice, peace, & human rights.
500 _aIncludes index.
504 _aBibliography: p. 227-252.
610 2 0 _aCatholic Church
_xDoctrines.
_947584
650 0 _aSocial ethics.
_947585
650 0 _aChurch and social problems
_xCatholic Church.
_947586
650 0 _aCultural pluralism
_zUnited States.
_912488
650 0 _aHuman rights.
_947587
740 0 _aJustice, peace, & human rights.
906 _a7
_bcbc
_corignew
_d1
_eocip
_f19
_gy-gencatlg
942 _2lcc
_cMONOGRAPH